00373nam a22001217a 4500020001800000040000900018082001600027100002200043110006500065245004800130260004700178650002600225 a9788120321892 cNUST a620.103 ENG aLakshmana, Rao C. aLakshminarasimhan, J Sethuraman Raju Srinivasan Sivakumar M. aEngineering MechanicsbStatics and Dynamics aNew Dehli:bPrentice hall of India,c2003. aEngineering Mechanics